000 00995nam a22003257a 4500
003 CHAP
005 20220817041845.0
008 971013s1974 r 00010 d
010 _a26697
011 _a27669
035 _a31770
040 _cCHAP
082 _a327.1
_bK3
100 0 0 _aKaplan, Marcos.
_962711
245 _aModelos mundiales y participación social
260 _aMéxico, D. F. :
_bFondo de Cultura Económica,
_c1974
300 _a123 p.
490 _aArchivo del Fondo
_v; 24
590 _aBATCH-UPD
_b10
_c20130110
_lUCH01
_h1246
590 _aBATCH-UPD
_b10
_c20130410
_lUCH01
_h0810
590 _aBATCH-UPD
_b10
_c20130914
_lUCH01
_h1851
590 _aCONVERSION
_b10
_c20130109
_lUCH01
_h1315
650 1 4 _aOrganismos internacionales.
_983520
650 1 4 _aPolítica económica.
650 1 4 _aPolítica mundial.
_990682
830 0 _aArchivo del Fondo
_v; 24
_96799
901 _aBK
942 _cLIBRO
949 _a327.1 K3
_bBC
_cLIBRO
_d-73565
_eLIBRO
_h60298
_i31770
_si
999 _c26697
_d26697